نظرية الخدمة الإجتماعية المعاصرة / (رقم التسجيلة. 11095)
[ عرض عادي ]
| 000 -الفاتح | |
|---|---|
| عناصر البيانات ثابتة الطول | 00866cam a2200205 i 4500 |
| 005 - تاريخ ووقت آخر معاملة | |
| حقل ضبط | 20260127120740.0 |
| 008 - عناصر البيانات ثابتة الطول | |
| عناصر البيانات ثابتة الطول | 250721s1998 ua gr 000 0 ara d |
| 020 ## - الترقيم الدولي المعياري للكتب (ردمك) | |
| الترقيم الدولي المعياري للكتب (ردمك) | 9775609933 |
| 041 1# - كود اللغة | |
| كود اللغة لنص/مسار صوت أو عنوان منفصل | ara |
| كود اللغة للأصل | eng |
| 082 14 - رقم تصنيف ديوي العشري | |
| رقم التصنيف | 360.001 |
| رقم المادة | ب ا ي |
| 100 1# - مدخل رئيسي – اسم شخصي | |
| الاسم الشخصي | مالكوم، بايت |
| علاقة الشخص بالعمل/ دوره | مؤلف. |
| 245 10 - بيان العنوان | |
| العنوان | نظرية الخدمة الإجتماعية المعاصرة / |
| بيان المسؤولية | تأليف مالكولم باين ؛ ترجمة د. حمدي محمد إبراهيم منصور، د. سعيد عبدالعزيز عويضة. |
| 264 31 - بيانات النشر، التوزيع…إلخ | |
| مكان النشر، التوزيع...إلخ | الاسكندرية : |
| اسم الناشر، الموزع...إلخ | المكتب العلمي للكمبيوتر، |
| تاريخ النشر، التوزيع...إلخ | 1998. |
| 300 ## - الوصف المادي | |
| عدد الوحدات المكونة للوعاء | 369 صفحة. |
| 650 17 - مدخل إضافي بالموضوع - مصطلح موضوعي | |
| مصطلح موضوعي أو اسم جغرافي كعنصر مدخل | الخدمة الإجتماعية. |
| 700 1# - مدخل إضافي - اسم شخصي | |
| الاسم الشخصي | منصور، حمدي محمد |
| علاقة الشخص بالعمل/ دوره | مترجم. |
| 700 1# - مدخل إضافي - اسم شخصي | |
| الاسم الشخصي | عويضة، سعيد عبد العزيز |
| علاقة الشخص بالعمل/ دوره | مترجم. |
| 942 ## - بيانات إضافية (كوها) | |
| نوع التنصيف | Dewey Decimal Classification |
| نوع المادة (كوها) | كتب |
| حالة السحب | حالة الفقدان | مصدر التصنيف | حالة التلف | غير قابل للإعارة | المكتبة الرئيسية | المكتبة الحالية | موقع الرف | تاريخ التزويد | الرقم المتسلسل | Total Checkouts | رقم الإستدعاء | الباركود | تاريخ آخر ظهور | تاريخ الفاتورة | نوع المادة (كوها) |
|---|---|---|---|---|---|---|---|---|---|---|---|---|---|---|---|
| Dewey Decimal Classification | المكتبة المركزية | المكتبة المركزية | الإعارة | 06/07/2004 | 380105 | 360.001 / ب ا ي | 380105 | 28/07/2025 | 06/07/2004 | كتب | |||||
| Dewey Decimal Classification | مكتبة صويلح العامة | مكتبة صويلح العامة | الإعارة | 23/04/2019 | 380106 | 360.001/باي | PLD00451721 | 28/07/2025 | 23/04/2019 | كتب |